000 00224nam a2200097Ia 4500
008 240331s9999 xx 000 0 und d
082 _bROB
100 _aRoberts, M
245 0 _aExploring confrontation :
_bSri Lanka
942 _cL
999 _c1377
_d1377